<?xml version="1.0" encoding="UTF-8"?>
<record
    xmlns:xsi="http://www.w3.org/2001/XMLSchema-instance"
    xsi:schemaLocation="http://www.loc.gov/MARC21/slim http://www.loc.gov/standards/marcxml/schema/MARC21slim.xsd"
    xmlns="http://www.loc.gov/MARC21/slim">

  <leader>01251    a2200253   4500</leader>
  <datafield tag="999" ind1=" " ind2=" ">
    <subfield code="c">95038</subfield>
    <subfield code="d">95038</subfield>
  </datafield>
  <controlfield tag="003">NALT</controlfield>
  <controlfield tag="005">20250718104332.0</controlfield>
  <controlfield tag="008">180808b        th ||||| |||| 00| 0 tha d</controlfield>
  <datafield tag="020" ind1=" " ind2=" ">
    <subfield code="a">9789744099129</subfield>
  </datafield>
  <datafield tag="040" ind1=" " ind2=" ">
    <subfield code="a">NALT</subfield>
  </datafield>
  <datafield tag="050" ind1=" " ind2=" ">
    <subfield code="a">DS 577.9</subfield>
    <subfield code="b">&#xE1E;456&#xE1B; 2551</subfield>
  </datafield>
  <datafield tag="100" ind1="0" ind2=" ">
    <subfield code="a">&#xE1E;&#xE25;&#xE32;&#xE14;&#xE34;&#xE28;&#xE31;&#xE22; &#xE2A;&#xE34;&#xE17;&#xE18;&#xE34;&#xE18;&#xE31;&#xE0D;&#xE01;&#xE34;&#xE08;.</subfield>
    <subfield code="9">12810</subfield>
  </datafield>
  <datafield tag="245" ind1="1" ind2="0">
    <subfield code="a">&#xE1B;&#xE23;&#xE30;&#xE27;&#xE31;&#xE15;&#xE34;&#xE28;&#xE32;&#xE2A;&#xE15;&#xE23;&#xE4C;&#xE44;&#xE17;&#xE22; 2 &#xE23;&#xE32;&#xE0A;&#xE27;&#xE07;&#xE28;&#xE4C;&#xE08;&#xE31;&#xE01;&#xE23;&#xE35; /</subfield>
    <subfield code="c">&#xE1E;&#xE25;&#xE32;&#xE14;&#xE34;&#xE28;&#xE31;&#xE22; &#xE2A;&#xE34;&#xE17;&#xE18;&#xE34;&#xE18;&#xE31;&#xE0D;&#xE01;&#xE34;&#xE08;.</subfield>
  </datafield>
  <datafield tag="250" ind1=" " ind2=" ">
    <subfield code="a">&#xE1E;&#xE34;&#xE21;&#xE1E;&#xE4C;&#xE04;&#xE23;&#xE31;&#xE49;&#xE07;&#xE17;&#xE35;&#xE48; 1</subfield>
  </datafield>
  <datafield tag="260" ind1=" " ind2=" ">
    <subfield code="a">&#xE01;&#xE23;&#xE38;&#xE07;&#xE40;&#xE17;&#xE1E;&#xE2F; :</subfield>
    <subfield code="b">&#xE2A;&#xE38;&#xE02;&#xE20;&#xE32;&#xE1E;&#xE43;&#xE08;,</subfield>
    <subfield code="c">2551.</subfield>
  </datafield>
  <datafield tag="300" ind1=" " ind2=" ">
    <subfield code="a">1029 &#xE2B;&#xE19;&#xE49;&#xE32; :</subfield>
    <subfield code="b">&#xE20;&#xE32;&#xE1E;&#xE1B;&#xE23;&#xE30;&#xE01;&#xE2D;&#xE1A; ;</subfield>
    <subfield code="c">27 &#xE0B;&#xE21;.</subfield>
  </datafield>
  <datafield tag="650" ind1=" " ind2="1">
    <subfield code="9">48</subfield>
    <subfield code="a">&#xE01;&#xE29;&#xE31;&#xE15;&#xE23;&#xE34;&#xE22;&#xE4C;&#xE41;&#xE25;&#xE30;&#xE1C;&#xE39;&#xE49;&#xE04;&#xE23;&#xE2D;&#xE07;&#xE19;&#xE04;&#xE23;</subfield>
    <subfield code="z">&#xE44;&#xE17;&#xE22;</subfield>
  </datafield>
  <datafield tag="650" ind1=" " ind2="4">
    <subfield code="9">49</subfield>
    <subfield code="a">&#xE23;&#xE32;&#xE0A;&#xE27;&#xE07;&#xE28;&#xE4C;&#xE08;&#xE31;&#xE01;&#xE23;&#xE35;</subfield>
  </datafield>
  <datafield tag="651" ind1=" " ind2="4">
    <subfield code="9">12703</subfield>
    <subfield code="a">&#xE44;&#xE17;&#xE22;</subfield>
    <subfield code="x">&#xE1B;&#xE23;&#xE30;&#xE27;&#xE31;&#xE15;&#xE34;&#xE28;&#xE32;&#xE2A;&#xE15;&#xE23;&#xE4C;</subfield>
    <subfield code="y">&#xE01;&#xE23;&#xE38;&#xE07;&#xE23;&#xE31;&#xE15;&#xE19;&#xE42;&#xE01;&#xE2A;&#xE34;&#xE19;&#xE17;&#xE23;&#xE4C;, 2325- </subfield>
  </datafield>
  <datafield tag="651" ind1=" " ind2="4">
    <subfield code="9">12162</subfield>
    <subfield code="a">&#xE44;&#xE17;&#xE22;  </subfield>
    <subfield code="x">&#xE1B;&#xE23;&#xE30;&#xE27;&#xE31;&#xE15;&#xE34;&#xE28;&#xE32;&#xE2A;&#xE15;&#xE23;&#xE4C;</subfield>
    <subfield code="y">&#xE2A;&#xE21;&#xE31;&#xE22;&#xE41;&#xE23;&#xE01;&#xE40;&#xE23;&#xE34;&#xE48;&#xE21;&#xE01;&#xE48;&#xE2D;&#xE19; &#xE1E;.&#xE28;. 1800</subfield>
  </datafield>
  <datafield tag="850" ind1=" " ind2=" ">
    <subfield code="a">NALT</subfield>
  </datafield>
  <datafield tag="942" ind1=" " ind2=" ">
    <subfield code="2">lcc</subfield>
    <subfield code="c">GB</subfield>
  </datafield>
  <datafield tag="998" ind1=" " ind2=" ">
    <subfield code="a">phon</subfield>
    <subfield code="b">phon</subfield>
    <subfield code="c">phon</subfield>
    <subfield code="j">1030</subfield>
    <subfield code="k"> &#xE19;&#xE32;&#xE07;&#xE2A;&#xE32;&#xE27;&#xE08;&#xE34;&#xE14;&#xE32;&#xE20;&#xE32;  &#xE17;&#xE31;&#xE1A;&#xE40;&#xE01;&#xE29;&#xE21;&#xE1B;&#xE34;&#xE15;&#xE34;&#xE42;&#xE2A;&#xE20;&#xE32;</subfield>
  </datafield>
  <datafield tag="952" ind1=" " ind2=" ">
    <subfield code="0">0</subfield>
    <subfield code="1">0</subfield>
    <subfield code="2">lcc</subfield>
    <subfield code="4">0</subfield>
    <subfield code="7">0</subfield>
    <subfield code="8">CGBL</subfield>
    <subfield code="a">NALT</subfield>
    <subfield code="b">NALT</subfield>
    <subfield code="d">2018-08-01</subfield>
    <subfield code="e">59</subfield>
    <subfield code="l">0</subfield>
    <subfield code="o">DS 577.9 &#xE1E;456&#xE1B; 2551</subfield>
    <subfield code="p">3961208534</subfield>
    <subfield code="r">2018-08-21 00:00:00</subfield>
    <subfield code="t">&#xE25;.2</subfield>
    <subfield code="w">2018-08-01</subfield>
    <subfield code="y">GB</subfield>
  </datafield>
</record>
